00459nam a2200145Ia 4500082001800000100002000018245002100038260006300059300000900122440005400131504003600185650002500221650002100246710004600267 a330.072 BOS-; aBose, Deb Kumar 0aEnergy economics aNew DelhibIndian Council of Social Science Researchc1989 a47p. aResearch in economics: second survey; monograph-1 aincludes bibliography and index aEconomics - Research aEnergy economics aIndian Council of Social Science Research